Slovenska ekonomska revija

Gespeichert in:
Bibliographische Detailangaben
Format: Schriftenreihe
Sprache:Slowakisch
Veröffentlicht: Ljubljana Faculty of Economics 1993
Tags: Tag hinzufügen
Keine Tags, Fügen Sie das erste Tag hinzu!

MARC

LEADER 00000nas2a2200000 4500
001 s014008
005 20251104120038.2
022 |a 0013-3256 
041 0 |a slo 
044 |a SL 
245 1 0 |a Slovenska ekonomska revija 
264 1 |a Ljubljana  |b Faculty of Economics  |c 1993 
300 |a 1 zv.